000 00652nam a2200241Ia 4500
003 OSt
005 20220918174253.0
006 a|||||r|||| 00| 0
007 ta
008 220917b |||||||| |||| 00| 0 eng d
024 _a11,328
037 _cTextual
040 _aARTS
_cARTS
_beng
041 _2eng
_aeng
082 _aM4, J4
100 _aMarek Clarence T.
_949760
245 0 _aFundamentals in the productiion and design of castings
260 _aNew York
_bJohn wiley & sons, Inc.
_c1954
300 _a383
_ccm.
650 _aINDUSTRIAL ARTS
942 _hM4, J4
_cTEXL
_2CC
999 _c152440
_d152440